[Event "Speed Chess Super Swiss"]
[Site "Chess.com INT"]
[Date "2020.10.03"]
[Round "1"]
[White "Grandelius, Nils"]
[Black "Studen, Damir"]
[Result "1-0"]
[WhiteElo "2662"]
[BlackElo "2118"]
[PlyCount "53"]
[EventDate "2020.10.03"]
[EventType "swiss (blitz)"]
[EventRounds "15"]
[EventCountry "USA"]
[SourceTitle "CBM 198 Extra"]
[Source "ChessBase"]
[SourceDate "2020.11.30"]
[SourceVersion "1"]
[SourceVersionDate "2020.11.30"]
[SourceQuality "1"]

1. Nf3 d5 2. g3 Nf6 3. Bg2 g6 4. b3 Bg7 5. Bb2 c6 6. c4 0-0 7. 0-0 Re8 8. d3 Nbd7 9. cxd5 Nxd5 10. Bxg7 Kxg7 11. d4 N5f6 12. Nc3 Qa5 13. Na4 e5 14. dxe5 Nxe5 15. Rc1 Nxf3+ 16. Bxf3 Bh3 17. Re1 Re7 18. Rc5 Qd8 19. Qa1 Qd6 20. Rd1 Qe6 21. Nb2 Bg4 22. Nd3 Bxf3 23. exf3 Qe2 24. Re1 Qxd3 25. Rxe7 Qxf3 26. Re3 Qg4 27. Rc4 1-0

[Event "Chicago op 26th"]
[Site "Chicago"]
[Date "2017.05.25"]
[Round "1"]
[White "Troff, Kayden W"]
[Black "Studen, Damir"]
[Result "1-0"]
[WhiteElo "2482"]
[BlackElo "2212"]
[PlyCount "41"]
[EventDate "2017.05.25"]
[EventType "swiss"]
[EventRounds "9"]
[EventCountry "USA"]
[SourceTitle "CBM 178 Extra"]
[Source "ChessBase"]
[SourceDate "2017.06.22"]
[SourceVersion "1"]
[SourceVersionDate "2017.06.22"]
[SourceQuality "1"]

1. d4 d5 2. c4 c6 3. Nf3 Nf6 4. Nc3 e6 5. e3 Nbd7 6. Qc2 Bd6 7. Bd3 0-0 8. 0-0 dxc4 9. Bxc4 e5 10. b3 Qe7 11. h3 b5 12. Bd3 Bb7 13. Bb2 a6 14. Ne4 Nxe4 15. Bxe4 h6 16. Rad1 Rfe8 17. dxe5 Nxe5 18. Nd4 Qc7 19. f4 Nd7 20. Nf5 Bc5 21. Rf3 1-0

[Event "Southwest Class-ch 8th"]
[Site "Fort Worth"]
[Date "2017.02.19"]
[Round "7"]
[White "Rozman, Levy"]
[Black "Studen, Damir"]
[Result "1/2-1/2"]
[WhiteElo "2404"]
[BlackElo "2223"]
[PlyCount "44"]
[EventDate "2017.02.16"]
[EventType "swiss"]
[EventRounds "9"]
[EventCountry "USA"]
[SourceTitle "EXT 2018"]
[Source "ChessBase"]
[SourceDate "2017.10.13"]
[SourceVersion "1"]
[SourceVersionDate "2017.10.13"]
[SourceQuality "1"]

1. d4 d5 2. Bf4 Nf6 3. e3 e6 4. Nd2 c5 5. c3 Bd6 6. Bg3 Nc6 7. Bb5 0-0 8. Ngf3 Ne7 9. Bd3 c4 10. Bc2 b5 11. e4 dxe4 12. Nxe4 Nxe4 13. Bxe4 Rb8 14. Bxh7+ Kxh7 15. Ng5+ Kg6 16. Ne4 Nf5 17. Qg4+ Kh7 18. 0-0-0 Bb7 19. d5 Nh6 20. Qf3 Bxg3 21. hxg3 exd5 22. Qf5+ Kg8 1/2-1/2

[Event "USA tt"]
[Site "ICC INT"]
[Date "2015.10.20"]
[Round "9"]
[White "Studen, Damir"]
[Black "Krasik, Ilya"]
[Result "1-0"]
[WhiteElo "2241"]
[BlackElo "2235"]
[PlyCount "171"]
[EventDate "2015.08.25"]
[EventType "team-swiss"]
[EventRounds "10"]
[EventCountry "USA"]
[SourceTitle "EXT 2017"]
[Source "ChessBase"]
[SourceDate "2016.10.25"]
[SourceVersion "1"]
[SourceVersionDate "2016.10.25"]
[SourceQuality "1"]
[WhiteTeam "Atlanta"]
[BlackTeam "Boston"]
[WhiteTeamCountry "USA"]
[BlackTeamCountry "USA"]

1. d4 Nf6 2. Nf3 g6 3. g3 Bg7 4. Bg2 0-0 5. 0-0 d5 6. c4 c6 7. b3 Bf5 8. Bb2 Nbd7 9. Nbd2 Ne4 10. Nh4 Nxd2 11. Qxd2 Be6 12. cxd5 cxd5 13. Nf3 Nf6 14. Qb4 Qb6 15. Qxe7 Rac8 16. Ba3 Rfe8 17. Qb4 Qa6 18. Bc1 Bf8 19. Qd2 Ne4 20. Qd3 Bf5 21. Qxa6 bxa6 22. Be3 Ba3 23. Nh4 Be6 24. Bf3 Rc2 25. Ng2 Nc3 26. Nf4 Rd8 27. Bc1 Bf8 28. a4 Rb8 29. Nxe6 fxe6 30. Bf4 Rxb3 31. e3 Bb4 32. Bb8 Ba3 33. Bxa7 Bb2 34. Bd1 Nxd1 35. Raxd1 Ra3 36. Bc5 Rxa4 37. Rd3 Ra2 38. Rb3 Bc1 39. Rb1 Bb2 40. e4 dxe4 41. Rbe1 a5 42. Rxe4 Kf7 43. Rfe1 Rc1 44. Rf4+ Ke8 45. Rxc1 Bxc1 46. Rf8+ Kd7 47. Rf7+ Kc6 48. Re7 Kd5 49. Rd7+ Kc4 50. Rxh7 a4 51. Re7 Kd5 52. Rd7+ Kc4 53. Rd6 e5 54. Ba7 Ra1 55. Kg2 e4 56. Rc6+ Kd5 57. Rc5+ Kd6 58. Bb8+ Kd7 59. d5 Ba3 60. Rc7+ Kd8 61. Rc4 Bb2 62. Rxe4 a3 63. Ra4 Rd1 64. Bd6 Rd3 65. Kf1 Kc8 66. Ke2 Rb3 67. Bc5 Rc3 68. Bf8 Rc2+ 69. Kf1 Bd4 70. Bxa3 Rxf2+ 71. Ke1 Bb6 72. Rb4 Ba7 73. Rc4+ Kd7 74. d6 Bb6 75. Rc7+ Bxc7 76. Kxf2 Bxd6 77. Bxd6 Kxd6 78. Kf3 Ke5 79. Kg4 Kf6 80. Kf4 g5+ 81. Ke4 Kg6 82. g4 Kf6 83. Kd5 Kf7 84. Ke5 Kg6 85. Ke6 Kg7 86. Kf5 1-0

[Event "USA tt"]
[Site "ICC INT"]
[Date "2015.10.06"]
[Round "7"]
[White "Studen, Damir"]
[Black "Pelaez Contti, Jorge Luis"]
[Result "0-1"]
[WhiteElo "2241"]
[BlackElo "2214"]
[PlyCount "72"]
[EventDate "2015.08.25"]
[EventType "team-swiss"]
[EventRounds "10"]
[EventCountry "USA"]
[SourceTitle "EXT 2017"]
[Source "ChessBase"]
[SourceDate "2016.10.25"]
[SourceVersion "1"]
[SourceVersionDate "2016.10.25"]
[SourceQuality "1"]
[WhiteTeam "Atlanta"]
[BlackTeam "Miami"]
[WhiteTeamCountry "USA"]
[BlackTeamCountry "USA"]

1. d4 d5 2. Nf3 c6 3. c4 e6 4. e3 f5 5. Ne5 Nf6 6. Bd3 Bd6 7. f4 0-0 8. c5 Bxe5 9. fxe5 Ne4 10. 0-0 b6 11. b4 a5 12. Bxe4 fxe4 13. Rxf8+ Qxf8 14. Ba3 bxc5 15. bxc5 Ba6 16. Nc3 Nd7 17. Qg4 Qf7 18. h3 Bd3 19. Kh2 Nf8 20. Na4 Qf2 21. Nb6 Re8 22. Qg3 Qc2 23. Qe1 Ng6 24. Qc1 Qf2 25. Qe1 Qc2 26. Qc1 Qf2 27. Qe1 Rf8 28. Qxf2 Rxf2 29. Kg3 Re2 30. Bc1 Ne7 31. Nd7 Nf5+ 32. Kh2 Nh4 33. Kg3 g5 34. Nf6+ Kf7 35. Kg4 Kg6 36. g3 Rg2 0-1

[Event "USA tt"]
[Site "ICC INT"]
[Date "2015.09.23"]
[Round "5"]
[White "Obrien, Matthew J"]
[Black "Studen, Damir"]
[Result "1/2-1/2"]
[WhiteElo "1987"]
[BlackElo "2241"]
[PlyCount "104"]
[EventDate "2015.08.25"]
[EventType "team-swiss"]
[EventRounds "10"]
[EventCountry "USA"]
[SourceTitle "EXT 2016"]
[Source "ChessBase"]
[SourceDate "2015.10.08"]
[SourceVersion "1"]
[SourceVersionDate "2015.10.08"]
[SourceQuality "1"]
[WhiteTeam "Philadelphia"]
[BlackTeam "Atlanta"]
[WhiteTeamCountry "USA"]
[BlackTeamCountry "USA"]

1. e4 d5 2. exd5 Qxd5 3. Nc3 Qd6 4. d4 c6 5. Bd3 Qxd4 6. Nf3 Qb6 7. 0-0 Bg4 8. Bf4 Nd7 9. a4 a5 10. h3 Bh5 11. Re1 Ngf6 12. g4 Bg6 13. Ng5 Nc5 14. Qe2 Nxd3 15. cxd3 Rd8 16. d4 Qxd4 17. Bc7 Rd7 18. Bxa5 Qc5 19. Nb5 Bd3 20. Qd2 Bxb5 21. Qf4 Qd6 22. Qxd6 Rxd6 23. axb5 cxb5 24. Bc7 Ra6 25. Rxa6 bxa6 26. Ra1 Nd5 27. Bg3 Nb4 28. Rc1 e5 29. Bxe5 Nd5 30. Rc8+ Kd7 31. Ra8 f6 32. Nf7 Rg8 33. Bg3 Ke6 34. Nd6 Nc7 35. Rb8 Kd7 36. Nf5 Ne6 37. Ra8 g6 38. Ne3 f5 39. gxf5 gxf5 40. Nxf5 Rg5 41. Nd4 Bc5 42. Nxe6 Kxe6 43. Rxa6+ Kd5 44. Kg2 Kc4 45. Rh6 Rg7 46. Kf3 Bd4 47. Rh4 Kd3 48. b4 Rf7+ 49. Rf4 Rxf4+ 50. Bxf4 Bc3 51. Bd6 Kc4 52. Kg4 Bxb4 1/2-1/2

[Event "USA tt"]
[Site "ICC INT"]
[Date "2015.08.25"]
[Round "1"]
[White "Studen, Damir"]
[Black "Kim, Yoon Young"]
[Result "1-0"]
[WhiteElo "2241"]
[BlackElo "2038"]
[PlyCount "153"]
[EventDate "2015.08.25"]
[EventType "team-swiss"]
[EventRounds "10"]
[EventCountry "USA"]
[SourceTitle "EXT 2016"]
[Source "ChessBase"]
[SourceDate "2015.10.08"]
[SourceVersion "1"]
[SourceVersionDate "2015.10.08"]
[SourceQuality "1"]
[WhiteTeam "Atlanta"]
[BlackTeam "Connecticut"]
[WhiteTeamCountry "USA"]
[BlackTeamCountry "USA"]

1. d4 d5 2. c4 c6 3. Nf3 Nf6 4. Nc3 e6 5. Bg5 dxc4 6. g3 Nbd7 7. Bg2 Be7 8. 0-0 0-0 9. Bxf6 Nxf6 10. Ne5 Qc7 11. Nxc4 b5 12. Ne5 Bb7 13. Rc1 c5 14. Nxb5 Qb6 15. Bxb7 Qxb7 16. Qa4 a6 17. Na3 cxd4 18. Nc6 Bxa3 19. Qxa3 e5 20. Nxe5 Rfe8 21. f4 Nd5 22. Qf3 f6 23. Nc4 Rad8 24. Rfd1 Qe7 25. Rxd4 Qc5 26. Qf2 Rxe2 27. Qxe2 Qxd4+ 28. Kh1 Nb4 29. b3 Qd5+ 30. Kg1 Qd4+ 31. Qe3 Qxe3+ 32. Nxe3 Nxa2 33. Rc7 Rd3 34. Nf5 g6 35. Nh6+ Kh8 36. Ng4 Rd6 37. Rf7 Kg8 38. Nh6+ Kh8 39. g4 Rd1+ 40. Kf2 Nc3 41. g5 fxg5 42. fxg5 Ne4+ 43. Ke2 Rd8 44. h4 Ng3+ 45. Kf3 Nf5 46. Rxf5 Rb8 47. Rf4 Rxb3+ 48. Kg4 Rb8 49. Ra4 Rb6 50. Nf7+ Kg7 51. Ne5 Rd6 52. Kf4 Kf8 53. Rb4 Ke7 54. Rb7+ Ke6 55. Ke4 Rd1 56. Rb6+ Ke7 57. Rxa6 Re1+ 58. Kf4 Rf1+ 59. Nf3 Kf7 60. Ra7+ Kg8 61. Ke4 Rb1 62. Rd7 Ra1 63. Rd4 Rh1 64. Kd5 Rf1 65. Ne5 h6 66. Ke6 hxg5 67. hxg5 Rf5 68. Nxg6 Ra5 69. Ne5 Kg7 70. Rd7+ Kg8 71. g6 Ra6+ 72. Kf5 Ra1 73. Ng4 Ra5+ 74. Kf6 Ra6+ 75. Kg5 Ra1 76. Nf6+ Kf8 77. Rf7# 1-0

[Event "Francophone-ch 3rd"]
[Site "Montreal"]
[Date "2015.07.25"]
[Round "9"]
[White "Studen, Damir"]
[Black "Kassis, Antoine"]
[Result "1-0"]
[WhiteElo "2259"]
[BlackElo "2178"]
[PlyCount "97"]
[EventDate "2015.07.17"]
[EventType "swiss"]
[EventRounds "9"]
[EventCountry "CAN"]
[SourceTitle "EXT 2016"]
[Source "ChessBase"]
[SourceDate "2015.10.08"]
[SourceVersion "1"]
[SourceVersionDate "2015.10.08"]
[SourceQuality "1"]

1. d4 Nf6 2. c4 g6 3. g3 Bg7 4. Bg2 0-0 5. Nc3 d6 6. e4 Nc6 7. Nge2 e5 8. d5 Nd4 9. 0-0 Re8 10. Be3 Nxe2+ 11. Qxe2 Ng4 12. Bd2 f5 13. f3 Nh6 14. Be3 Nf7 15. b4 Bh6 16. Bxh6 Nxh6 17. Qe3 f4 18. gxf4 Qh4 19. fxe5 Rxe5 20. Qf2 Qf4 21. Ne2 Qd2 22. a3 Bd7 23. Rfd1 Qc2 24. Nd4 Qa4 25. Qc2 Qa6 26. Bf1 Ba4 27. Qd2 Bxd1 28. Qxh6 Rh5 29. Qe3 Ba4 30. c5 b5 31. Ne6 Qb7 32. Qd4 c6 33. dxc6 Qf7 34. cxd6 Qxe6 35. d7 Qxc6 36. d8Q+ Rxd8 37. Qxd8+ Kf7 38. Qd2 Qb6+ 39. Kh1 Qc7 40. f4 Bc2 41. Bg2 Bb3 42. Rc1 Bc4 43. Rd1 Be6 44. e5 Kg7 45. Qd6 Qf7 46. Rd4 Rh4 47. f5 Qxf5 48. Qe7+ Bf7 49. Qf6+ 1-0

[Event "World op 43rd"]
[Site "Arlington"]
[Date "2015.07.05"]
[Round "9"]
[White "Shetty, Atulya"]
[Black "Studen, Damir"]
[Result "1-0"]
[WhiteElo "2368"]
[BlackElo "2259"]
[PlyCount "133"]
[EventDate "2015.07.01"]
[EventType "swiss"]
[EventRounds "9"]
[EventCountry "USA"]
[SourceTitle "CBM 167 Extra"]
[Source "ChessBase"]
[SourceDate "2015.09.14"]
[SourceVersion "1"]
[SourceVersionDate "2015.09.14"]
[SourceQuality "1"]

1. c4 c5 2. g3 g6 3. Bg2 Bg7 4. Nc3 Nc6 5. Nf3 b6 6. 0-0 Bb7 7. e3 Nf6 8. d4 d6 9. b3 0-0 10. Bb2 e6 11. Qe2 cxd4 12. exd4 d5 13. Rfd1 Rc8 14. Rac1 Bh6 15. Rb1 Ba6 16. Ne5 Re8 17. Qf3 Bg7 18. g4 Qc7 19. Nxc6 Qxc6 20. g5 Nh5 21. cxd5 exd5 22. Nxd5 Qc2 23. Ne3 Be2 24. Nxc2 Bxf3 25. Bxf3 Rxc2 26. Bc1 Bxd4 27. Rxd4 Re1+ 28. Kg2 Rexc1 29. Rxc1 Rxc1 30. Rd7 Rc5 31. h4 Ra5 32. Bxh5 gxh5 33. a4 Rc5 34. Rxa7 Rc3 35. b4 Rc4 36. b5 Rxh4 37. Ra6 Kg7 38. f3 Rb4 39. Kg3 h4+ 40. Kh3 Rf4 41. Rxb6 Rxa4 42. Rd6 Ra3 43. Kxh4 Rxf3 44. Kg4 Rb3 45. b6 Rb4+ 46. Kf5 Rb5+ 47. Kf4 Rb4+ 48. Ke5 Rb5+ 49. Kf4 Rb4+ 50. Ke5 Rb5+ 51. Kd4 Rxg5 52. Rd5 Rg6 53. Kc5 Re6 54. b7 Re8 55. Kb6 Kg6 56. Rc5 Rb8 57. Rc8 Rxb7+ 58. Kxb7 h5 59. Kc6 Kf5 60. Kd5 h4 61. Rh8 Kg4 62. Ke4 Kg3 63. Ke3 h3 64. Rg8+ Kh2 65. Kf2 f5 66. Rh8 f4 67. Rh7 1-0

[Event "USA tt"]
[Site "ICC INT"]
[Date "2014.10.07"]
[Round "7"]
[White "Studen, Damir"]
[Black "Costigan, Richard"]
[Result "1/2-1/2"]
[WhiteElo "2264"]
[BlackElo "2301"]
[PlyCount "194"]
[EventDate "2014.08.26"]
[EventType "team-tourn"]
[EventRounds "10"]
[EventCountry "USA"]
[SourceTitle "CBM 162 Extra"]
[Source "ChessBase"]
[SourceDate "2014.10.17"]
[SourceVersion "1"]
[SourceVersionDate "2014.10.17"]
[SourceQuality "1"]
[WhiteTeam "Atlanta"]
[BlackTeam "Philadelphia"]
[WhiteTeamCountry "USA"]
[BlackTeamCountry "USA"]

1. d4 Nf6 2. c4 c5 3. Nf3 cxd4 4. Nxd4 Nc6 5. Nc3 e6 6. Ndb5 d6 7. e4 a6 8. Nd4 d5 9. cxd5 exd5 10. Qa4 Bd7 11. exd5 Nb4 12. Qb3 Qa5 13. Bd2 Rc8 14. Be2 Bd6 15. 0-0 0-0 16. Bf3 Qc5 17. Be3 Qc4 18. Qxc4 Rxc4 19. a3 Nd3 20. Be2 Nxb2 21. Bxc4 Nxc4 22. a4 Ng4 23. Rfb1 Bc8 24. Nd1 Bxh2+ 25. Kh1 Bd6 26. Rc1 Nce5 27. Bf4 Re8 28. f3 Nf6 29. Ne3 Nxf3 30. Bxd6 Nxd4 31. Re1 Bd7 32. a5 h6 33. Nc4 Ne4 34. Ra2 Nf2+ 35. Rxf2 Rxe1+ 36. Kh2 Nf5 37. Bb8 Re8 38. Bg3 Nxg3 39. Kxg3 Bb5 40. Nb6 Re3+ 41. Kf4 Ra3 42. Ke5 Rxa5 43. Kd6 Ra3 44. Kc7 Rd3 45. Kxb7 a5 46. Rb2 Be8 47. Kc7 a4 48. d6 a3 49. Ra2 Rc3+ 50. Kb8 Rb3 51. Kc7 Rc3+ 52. Kd8 Bb5 53. Nd5 Rd3 54. Ne7+ Kh7 55. Kc7 Bc4 56. Ra1 Be6 57. Nc6 a2 58. Ne5 Rc3+ 59. Nc6 Rc2 60. d7 Bxd7 61. Kxd7 Rxg2 62. Ke7 f6 63. Nb4 Rg4 64. Nc2 Ra4 65. Kf7 f5 66. Rg1 g5 67. Kf6 f4 68. Rd1 Ra7 69. Kf5 Rf7+ 70. Kg4 Kg6 71. Nb4 h5+ 72. Kf3 Rb7 73. Rd6+ Kf5 74. Nxa2 Rb3+ 75. Ke2 f3+ 76. Kf2 Rb2+ 77. Kxf3 g4+ 78. Kg3 Rxa2 79. Rd5+ Kg6 80. Rd6+ Kg7 81. Rd5 Ra3+ 82. Kf4 Kg6 83. Rd6+ Kf7 84. Rh6 Rf3+ 85. Ke4 Rh3 86. Kf4 g3 87. Kf3 h4 88. Kg2 Rh2+ 89. Kg1 Kg7 90. Ra6 Rb2 91. Ra4 Rh2 92. Ra6 Kf7 93. Rh6 h3 94. Rh4 Kf6 95. Rg4 Rg2+ 96. Kh1 Kf5 97. Rf4+ Kxf4 1/2-1/2

[Event "US Masters op"]
[Site "Greensboro"]
[Date "2014.09.01"]
[Round "8"]
[White "Studen, Damir"]
[Black "Cox, John J"]
[Result "1/2-1/2"]
[WhiteElo "2264"]
[BlackElo "2371"]
[PlyCount "81"]
[EventDate "2014.08.28"]
[EventType "swiss"]
[EventRounds "9"]
[EventCountry "USA"]
[SourceTitle "CBM 162 Extra"]
[Source "ChessBase"]
[SourceDate "2014.10.17"]
[SourceVersion "1"]
[SourceVersionDate "2014.10.17"]
[SourceQuality "1"]

1. d4 d5 2. c4 c6 3. Nc3 Nf6 4. Nf3 dxc4 5. a4 Bf5 6. Ne5 Nbd7 7. Nxc4 Qc7 8. g3 e5 9. dxe5 Nxe5 10. Bf4 Nfd7 11. Qd4 f6 12. Rd1 g5 13. Bxe5 fxe5 14. Qe3 Be6 15. Nd2 h6 16. Nde4 Qb6 17. Qd3 0-0-0 18. Bg2 Nc5 19. Qxd8+ Qxd8 20. Rxd8+ Kxd8 21. Nxc5 Bxc5 22. Kd2 Bb3 23. Be4 Ke7 24. f3 Rd8+ 25. Bd3 a5 26. h4 Kd7 27. hxg5 hxg5 28. Rh7+ Kc8 29. Rg7 Bf8 30. Rh7 Bb4 31. Rg7 Bxa4 32. Rxg5 e4 33. fxe4 Bb3 34. Kc1 Rh8 35. Bc2 Rh1+ 36. Kd2 Bf8 37. Rxa5 Bh6+ 38. Kd3 Be6 39. Ra8+ Kd7 40. Rh8 b5 41. b3 1/2-1/2

[Event "US Masters op"]
[Site "Greensboro"]
[Date "2014.08.29"]
[Round "3"]
[White "Schmuggerow, Kevin"]
[Black "Studen, Damir"]
[Result "0-1"]
[WhiteElo "1971"]
[BlackElo "2264"]
[PlyCount "96"]
[EventDate "2014.08.28"]
[EventType "swiss"]
[EventRounds "9"]
[EventCountry "USA"]
[SourceTitle "CBM 162 Extra"]
[Source "ChessBase"]
[SourceDate "2014.10.17"]
[SourceVersion "1"]
[SourceVersionDate "2014.10.17"]
[SourceQuality "1"]

1. e4 d5 2. exd5 Qxd5 3. Nc3 Qa5 4. d4 c6 5. Bc4 Nf6 6. Nge2 g6 7. Bf4 Nbd7 8. Qd2 Nb6 9. Bb3 Nbd5 10. Be5 Nxc3 11. Nxc3 Bg7 12. 0-0-0 0-0 13. h4 h5 14. f3 Ne8 15. Qg5 e6 16. Rhe1 Kh7 17. Qe7 Kg8 18. g4 Bxe5 19. Rxe5 Qc7 20. Qg5 Kg7 21. gxh5 Rh8 22. Qg2 Rh6 23. Rg5 Qf4+ 24. Kb1 Qxh4 25. hxg6 Rxg6 26. Ne4 Rxg5 27. Nxg5 Kf6 28. f4 Nd6 29. Qf3 Qh6 30. Rh1 Qg6 31. Rh8 a5 32. a4 Ra6 33. Qc3 Ke7 34. Qc5 Bd7 35. Rb8 Qf5 36. Qe5 f6 37. Qxf5 exf5 38. Nh7 Bc8 39. c4 Be6 40. d5 cxd5 41. c5 Ne4 42. Rxb7+ Bd7 43. c6 Rxc6 44. Nf8 Nc5 45. Ng6+ Kd6 46. Rb5 Ra6 47. Bc2 Bxb5 48. axb5 Rb6 0-1

[Event "Bay Area op"]
[Site "Santa Clara"]
[Date "2014.01.06"]
[Round "7"]
[White "MacKenzie, Dana N"]
[Black "Studen, Damir"]
[Result "1/2-1/2"]
[WhiteElo "2068"]
[BlackElo "2285"]
[PlyCount "186"]
[EventDate "2014.01.02"]
[EventType "swiss"]
[EventRounds "9"]
[EventCountry "USA"]
[SourceTitle "CBM 158 Extra"]
[Source "ChessBase"]
[SourceDate "2014.02.28"]
[SourceVersion "1"]
[SourceVersionDate "2014.02.28"]
[SourceQuality "1"]

1. f4 d5 2. Nf3 Nf6 3. e3 c5 4. Be2 Nc6 5. b3 g6 6. Bb2 Bg7 7. 0-0 0-0 8. Ne5 Qc7 9. Nxc6 Qxc6 10. a4 a6 11. Bf3 b6 12. Qe2 Bb7 13. c4 Qd7 14. Na3 e6 15. d3 Bc6 16. Rac1 Rac8 17. g4 Rfd8 18. Rfd1 Qb7 19. Kf2 b5 20. g5 Ne8 21. axb5 axb5 22. cxd5 Bxd5 23. Bxd5 exd5 24. Bxg7 Nxg7 25. Nc2 Ne6 26. Qf3 Qb8 27. d4 c4 28. b4 Ng7 29. Ra1 Qb7 30. Ra5 Ra8 31. Rda1 Rxa5 32. bxa5 Nf5 33. a6 Qb6 34. a7 Qb7 35. Nb4 Ne7 36. f5 gxf5 37. Ra6 Ra8 38. Rh6 Ng6 39. Nxd5 Rxa7 40. Qxf5 Ra2+ 41. Kf3 Ra6 42. e4 c3 43. Nf6+ Rxf6 44. gxf6 c2 45. Qc5 Qa6 46. e5 Qa8+ 47. Kf2 Nf4 48. Ke3 Nd5+ 49. Kd2 Nf4 50. Qxc2 Qg2+ 51. Kc3 b4+ 52. Kb3 Qd5+ 53. Kxb4 Qxd4+ 54. Kb5 Qxe5+ 55. Ka6 Qe6+ 56. Kb7 Qd5+ 57. Qc6 Qb3+ 58. Kc8 Ng6 59. Rh5 Qe3 60. Rd5 Qh3+ 61. Qd7 Qc3+ 62. Qc7 Qxf6 63. Qd8+ Kg7 64. Qxf6+ Kxf6 65. Kd7 Nf8+ 66. Kd6 Ne6 67. Rh5 Kg6 68. Rh4 Ng7 69. Ke5 f6+ 70. Ke4 Ne8 71. Rg4+ Kf7 72. Kf4 Ng7 73. Rg1 Ne6+ 74. Kg4 Ng7 75. h4 h5+ 76. Kf4 Ne6+ 77. Ke4 Ng7 78. Ra1 Kg6 79. Ra5 Ne6 80. Rb5 Ng7 81. Rb4 Nf5 82. Kd5 Ne3+ 83. Ke6 Nf5 84. Rf4 Ng7+ 85. Ke7 Nf5+ 86. Kf8 Nxh4 87. Rxh4 Kg5 88. Ra4 h4 89. Ke7 h3 90. Ra2 Kg4 91. Kxf6 Kg3 92. Kg5 h2 93. Rxh2 Kxh2 1/2-1/2

[Event "Northern California op"]
[Site "Fremont"]
[Date "2012.01.08"]
[Round "9"]
[White "Kavutskiy, Konstantin"]
[Black "Studen, Damir"]
[Result "0-1"]
[WhiteElo "2315"]
[BlackElo "2248"]
[PlyCount "226"]
[EventDate "2012.01.02"]
[EventType "swiss"]
[EventRounds "9"]
[EventCountry "USA"]
[SourceTitle "CBM 146 Extra"]
[Source "ChessBase"]
[SourceDate "2012.02.29"]
[SourceVersion "1"]
[SourceVersionDate "2012.02.29"]
[SourceQuality "1"]

1. d4 d5 2. c4 e6 3. Nf3 Nf6 4. g3 Be7 5. Bg2 0-0 6. 0-0 c6 7. Qc2 Nbd7 8. Nbd2 b6 9. e4 Nxe4 10. Nxe4 dxe4 11. Qxe4 Bb7 12. Rd1 Nf6 13. Qc2 Qc7 14. Bf4 Bd6 15. Bxd6 Qxd6 16. c5 Qc7 17. b4 b5 18. a4 a6 19. Ng5 h6 20. Ne4 Nxe4 21. Bxe4 Rfd8 22. Qc3 Qe7 23. h4 Qc7 24. f4 Rd7 25. Rd2 Rad8 26. Rad1 Re8 27. Bc2 Qd8 28. Qd3 Qf6 29. Qe4 g6 30. Kg2 h5 31. Qe5 Kg7 32. Be4 Red8 33. Kf3 Qxe5 34. fxe5 Kh6 35. Ke3 Ra8 36. Rf1 Kg7 37. Rg1 Rh8 38. Bf3 Rdd8 39. g4 hxg4 40. Rxg4 Kf8 41. Rf4 Rh6 42. Rf2 Rd7 43. Bg2 Kg7 44. Rf1 Rh8 45. Rg1 Rh6 46. Bf3 Kf8 47. Rh1 Rh7 48. Rg4 Ke7 49. Rg2 Rd8 50. Ra2 Kd7 51. Rf2 Rdh8 52. Be4 Ke7 53. Rhf1 Rg7 54. Rf4 Rh6 55. axb5 axb5 56. Ra1 Kd7 57. Kf3 Rgh7 58. Kg3 Rg7 59. Rg4 Rgh7 60. Rh1 Rh8 61. Rf4 Ke7 62. Rhf1 R8h7 63. Bf3 Rg7 64. Rg4 Rgh7 65. Be2 Rg7 66. Rf6 Rh8 67. Rf1 Rh6 68. Bd3 Rh8 69. Ra1 Kd7 70. Ra2 Rh6 71. Rh2 Rgh7 72. Be2 Ke7 73. Rg5 Rh8 74. Bd1 Rd8 75. Rg4 Ra8 76. Rf4 Rah8 77. Rff2 Ra8 78. Ra2 Rhh8 79. Kf4 Raf8 80. Ke3 Ra8 81. Bf3 Rxa2 82. Rxa2 Kd7 83. Rh2 Ke7 84. Kf4 f6 85. exf6+ Kxf6 86. Be4 Rxh4+ 87. Rxh4 g5+ 88. Kg4 gxh4 89. Bd3 e5 90. d5 e4 91. Be2 cxd5 92. Bxb5 Ke5 93. Bd7 d4 94. c6 Ba6 95. Kxh4 d3 96. Kg3 Bb5 97. Be8 d2 98. c7 d1Q 99. c8Q Qg1+ 100. Kh3 Qe3+ 101. Kh4 Qf4+ 102. Kh5 Qf3+ 103. Kh6 Qf8+ 104. Kg5 Qg8+ 105. Kh4 Qxe8 106. Qc5+ Ke6 107. Qb6+ Qc6 108. Qd8 Ke5 109. Qg5+ Kd4 110. Qg7+ Kd3 111. Qb2 Qh6+ 112. Kg3 Qg5+ 113. Kh3 Bd7+ 0-1

[Event "Northern California op"]
[Site "Fremont"]
[Date "2012.01.07"]
[Round "8"]
[White "Studen, Damir"]
[Black "Shivaji, Shivkuma"]
[Result "1-0"]
[WhiteElo "2248"]
[BlackElo "2295"]
[PlyCount "95"]
[EventDate "2012.01.02"]
[EventType "swiss"]
[EventRounds "9"]
[EventCountry "USA"]
[SourceTitle "CBM 146 Extra"]
[Source "ChessBase"]
[SourceDate "2012.02.29"]
[SourceVersion "1"]
[SourceVersionDate "2012.02.29"]
[SourceQuality "1"]

1. d4 d5 2. c4 e6 3. Nf3 Nf6 4. g3 Be7 5. Bg2 0-0 6. 0-0 dxc4 7. Ne5 Nc6 8. Nxc6 bxc6 9. Bxc6 Rb8 10. Nc3 Nd5 11. e4 Nb4 12. Bb5 Nd3 13. Bxc4 Nxb2 14. Bxb2 Rxb2 15. Qd3 Rb4 16. Rfd1 Kh8 17. a3 Rb8 18. f4 Bd7 19. Rd2 Qe8 20. e5 Rd8 21. Nb5 Rc8 22. Nc3 Rb8 23. Ne4 Bc6 24. Nc3 Ba8 25. d5 Bc5+ 26. Kf1 Rd8 27. Qe2 exd5 28. Bxd5 Qd7 29. Rdd1 Qh3+ 30. Qg2 Qxg2+ 31. Bxg2 Bxg2+ 32. Kxg2 Rxd1 33. Rxd1 Bxa3 34. Rd7 Kg8 35. Rxc7 a5 36. Ra7 Bb4 37. Nd5 Rb8 38. Kf3 h5 39. Ke4 Kf8 40. f5 Be1 41. e6 fxe6 42. fxe6 Bb4 43. Kf5 h4 44. Kg6 hxg3 45. hxg3 Rd8 46. Rf7+ Kg8 47. Rxg7+ Kf8 48. Rf7+ 1-0

[Event "US Open-112"]
[Site "Orlando"]
[Date "2011.08.05"]
[Round "7"]
[White "Studen, Damir"]
[Black "Dixon, Dakota Ellis"]
[Result "1/2-1/2"]
[WhiteElo "2239"]
[BlackElo "2069"]
[PlyCount "93"]
[EventDate "2011.07.30"]
[EventType "swiss"]
[EventRounds "9"]
[EventCountry "USA"]
[SourceTitle "CBM 143 Extra"]
[Source "ChessBase"]
[SourceDate "2011.08.29"]
[SourceVersion "1"]
[SourceVersionDate "2011.08.29"]
[SourceQuality "1"]

1. d4 Nf6 2. Nf3 g6 3. g3 Bg7 4. Bg2 0-0 5. 0-0 d5 6. c4 c6 7. cxd5 cxd5 8. Ne5 Qb6 9. Nc3 Nc6 10. Nxc6 Qxc6 11. Bf4 Be6 12. Rc1 Qa6 13. Qb3 Rfd8 14. Nb5 Ne8 15. Rfd1 Qb6 16. Nc7 Nxc7 17. Qxb6 axb6 18. Bxc7 Rdc8 19. a3 b5 20. e3 Ra6 21. e4 Rc6 22. Rxc6 bxc6 23. Bb6 dxe4 24. Bxe4 Bd5 25. Bxd5 cxd5 26. Re1 e6 27. Bc5 e5 28. Rd1 exd4 29. Bxd4 Rc2 30. Bxg7 Kxg7 31. b4 Rc3 32. Rxd5 Rxa3 33. Rxb5 Rb3 34. Rb7 g5 35. g4 Kg6 36. b5 f6 37. Kg2 h5 38. gxh5+ Kxh5 39. Rb8 Kg4 40. b6 Kf4 41. h3 Rb2 42. Rh8 Rxb6 43. h4 gxh4 44. Rxh4+ Kg5 45. Rc4 Rb3 46. f3 Rb1 47. Kg3 1/2-1/2